Автоматизация энергетических систем: учебное пособие для вузов

গ্রন্থ-পঞ্জীর বিবরন
প্রধান লেখক: Соловьев И. И. Иван Иванович
ভাষা:রুশ
প্রকাশিত: Москва, Госэнергоиздат, 1950
বিষয়গুলি:
বিন্যাস: গ্রন্থ
KOHA link:https://koha.lib.tpu.ru/cgi-bin/koha/opac-detail.pl?biblionumber=316712

MARC

LEADER 00000nam0a2200000 4500
001 316712
005 20231102002913.0
035 |a (RuTPU)RU\TPU\book\342180 
035 |a RU\TPU\book\54049 
090 |a 316712 
100 |a 20160328d1950 m y0rusy50 ca 
101 0 |a rus 
102 |a RU 
105 |a a j 001zy 
200 1 |a Автоматизация энергетических систем  |e учебное пособие для вузов  |f И. И. Соловьев 
210 |a Москва  |a Ленинград  |c Госэнергоиздат  |d 1950 
215 |a 500 с.  |c ил. 
320 |a Библиогр.: с. 491-496 
320 |a Алфавитный указатель: с. 497-500 
606 1 |a Энергетические системы  |x Автоматизация  |2 stltpush  |3 (RuTPU)RU\TPU\subj\21252  |9 46271 
610 1 |a электроэнергетика 
610 1 |a автоматизация 
610 1 |a автоматическое регулирование 
610 1 |a генераторы 
610 1 |a статика 
610 1 |a динамика 
610 1 |a учебники 
675 |a 621.311-5(075.8)  |v 4 
700 1 |a Соловьев  |b И. И.  |g Иван Иванович 
801 1 |a RU  |b 63413507  |c 20030506  |g PSBO 
801 2 |a RU  |b 63413507  |c 20171027  |g PSBO 
942 |c BK